Datum a čas kvízu
31
Celkem bodů
Celkový počet nahraných bodů na tomto kvízu bez doplňovacích otázek.
8.
Pořadí na kvízu
Konečné umístění týmu na tomto kvízu.
Zaznamenané odpovědi
| # | Otázka | Odpověď | Body | Výsledky |
|---|---|---|---|---|
| 1. | V Rokycanech podal minulý týde... | členy Ku-klux-klanu | 1 | |
| 2. | Francouzské námořnictvo muselo... | A | 1 | |
| 3. | Obvodní soud pro Prahu 4 předb... | Sbormistr | 1 | |
| 4. | Ministryně financí Alena Schil... | Kobra | 1 | |
| 5. | Dvacetiletá Gloria Lurdes Manu... | běh na 400 m | 1 | |
| 1. | Vítězné téma „vražedně“ těsnéh... | Hercule Poirot | 1 | |
| 2. | Fiktivní detektiv třetí třídy... | Ed McBain, New York | 0 | |
| 3. | Přiřaďte autory severských det... | 1C 2B 3A 4D | 0 | |
| 4. | Pán ohně, Čtvrtá oběť, Sál smr... | Peter May, Čína | 0 | |
| 5. | Jednou z nejúspěšnějších český... | Zmizela v mlze (Norsko), Ostrov šedých mnichů (Nizozemsko) | 0 |